|
|
|
|
| LEADER |
00000nam a2200000Ia 4500 |
| 008 |
180911b2001 cr ||||| |||| 00| | spa d |
| 999 |
|
|
|c 2333
|d 2333
|
| 090 |
|
|
|a 19.01.02
|b 1246
|
| 100 |
|
|
|a García Fallas, Jacqueline
|9 759
|
| 245 |
1 |
0 |
|a Programa de investigación en tecnologías de la información y comunicación en los procesos educativos /
|c Jacqueline García Fallas, Alice Miranda Arguedas, Evelyn Cajina
|
| 260 |
|
|
|a San José, Costa Rica :
|b INIE,
|c 2012
|
| 300 |
|
|
|a 47 páginas
|
| 500 |
|
|
|a Informe final proyecto N° 724-A6-907
|
| 650 |
1 |
4 |
|a TECNOLOGÍA DE LA INFORMACIÓN
|9 484
|
| 650 |
1 |
4 |
|a TECNOLOGÍA DE LAS COMUNICACIONES
|9 925
|
| 700 |
|
|
|a Miranda Arguedas, Alice
|9 4211
|
| 700 |
|
|
|a Cajina Alemán, Evelyn
|9 1742
|
| 942 |
|
|
|i 003738
|h 19.01.02 1246
|2 z
|c 04
|